[Event "Sochi ChessAmateur op"]
[Site "Sochi"]
[Date "2018.04.01"]
[Round "1"]
[White "Kozak, Alexander"]
[Black "Esonboeva, Gulruhsor"]
[Result "1/2-1/2"]
[WhiteElo "2259"]
[BlackElo "1930"]
[PlyCount "66"]
[EventDate "2018.04.01"]
[EventType "swiss"]
[EventRounds "9"]
[EventCountry "RUS"]
[SourceTitle "CBM 184 Extra"]
[Source "ChessBase"]
[SourceDate "2018.06.28"]
[SourceVersion "1"]
[SourceVersionDate "2018.06.28"]
[SourceQuality "1"]

1. e4 e5 2. f4 exf4 3. Nf3 d5 4. exd5 Nf6 5. Bc4 c6 6. dxc6 Nxc6 7. d4 Bg4 8. c3 Qe7+ 9. Qe2 Qxe2+ 10. Kxe2 Bd6 11. Re1 0-0 12. Nbd2 Rfe8+ 13. Kf1 Rxe1+ 14. Nxe1 Re8 15. Ndf3 a6 16. a4 Na5 17. Ba2 Ne4 18. Nd3 g5 19. Nde5 Be6 20. Bxe6 Rxe6 21. b4 Bxe5 22. bxa5 Bf6 23. Rb1 Nxc3 24. Rxb7 Nd5 25. Rd7 Ne3+ 26. Bxe3 Rxe3 27. Rd6 Kg7 28. Rxa6 g4 29. Ne1 Bh4 30. Nc2 Rc3 31. Nb4 Re3 32. Nc2 Rc3 33. Nb4 Re3 1/2-1/2

[Event "UZB-ch (Women)"]
[Site "Tashkent"]
[Date "2015.05.13"]
[Round "9"]
[White "Kakhramonova, Mokhinur"]
[Black "Esonboeva, Gulruhsor"]
[Result "1-0"]
[WhiteElo "2012"]
[BlackElo "1927"]
[PlyCount "95"]
[EventDate "2015.05.05"]
[EventType "tourn"]
[EventRounds "9"]
[EventCountry "UZB"]
[SourceTitle "CBM 166 Extra"]
[Source "ChessBase"]
[SourceDate "2015.06.18"]
[SourceVersion "1"]
[SourceVersionDate "2015.06.18"]
[SourceQuality "1"]

1. e4 e5 2. Nf3 Nc6 3. Bc4 Bc5 4. c3 Nf6 5. d3 d6 6. Bb3 h6 7. h3 0-0 8. Nbd2 Be6 9. Nf1 d5 10. Qe2 d4 11. c4 Nh5 12. g3 f5 13. Nh4 Bb4+ 14. Kd1 Nf4 15. Bxf4 exf4 16. Nxf5 Bxf5 17. exf5 Rxf5 18. Qe6+ Rf7 19. c5 Qf8 20. Qxf7+ Qxf7 21. Bxf7+ Kxf7 22. gxf4 Bxc5 23. Ng3 Bd6 24. Ne2 Nb4 25. Kd2 c5 26. Rhg1 b5 27. a3 Nd5 28. Rae1 b4 29. axb4 Nxb4 30. Ra1 a5 31. f5 Nd5 32. Rg6 Nf6 33. Rag1 Ne8 34. Ng3 a4 35. Ne4 Bf8 36. Rb6 Ra7 37. Rc1 a3 38. bxa3 Rxa3 39. Rb7+ Kg8 40. Nxc5 Ra2+ 41. Ke1 Ra5 42. Nd7 Rxf5 43. Nxf8 Rxf8 44. Rd7 Nf6 45. Rxd4 Rf7 46. Rd8+ Kh7 47. d4 Re7+ 48. Kf1 1-0

[Event "UZB-ch (Women)"]
[Site "Tashkent"]
[Date "2011.05.24"]
[Round "4"]
[White "Esonboeva, Gulruhsor"]
[Black "Tokhirjanova, Hulkar"]
[Result "0-1"]
[WhiteElo "2026"]
[BlackElo "2106"]
[PlyCount "64"]
[EventDate "2011.05.21"]
[EventType "tourn"]
[EventRounds "11"]
[EventCountry "UZB"]
[SourceTitle "CBM 142 Extra"]
[Source "ChessBase"]
[SourceDate "2011.06.27"]
[SourceVersion "1"]
[SourceVersionDate "2011.06.27"]
[SourceQuality "1"]

1. e4 c5 2. f4 d5 3. exd5 Nf6 4. Bb5+ Nbd7 5. c4 a6 6. Bxd7+ Bxd7 7. Nf3 e6 8. 0-0 exd5 9. Re1+ Be7 10. Qe2 Bg4 11. cxd5 Nxd5 12. Nc3 Nb4 13. d4 cxd4 14. Qe4 Bxf3 15. gxf3 0-0 16. Qxe7 Nc2 17. Na4 Nxa1 18. Qxd8 Rfxd8 19. Nb6 Re8 20. Rd1 Rad8 21. Kf2 Nc2 22. b3 d3 23. Nc4 Re2+ 24. Kg1 Ne1 25. Nd2 f6 26. Kf1 Nc2 27. Nc4 Rxh2 28. Kg1 Re2 29. Kf1 b5 30. Nb2 Ne3+ 31. Bxe3 Rxe3 32. Rd2 Rxf3+ 0-1

[Event "Tashkent New Year-B"]
[Site "Tashkent"]
[Date "2010.12.22"]
[Round "2"]
[White "Lebedev, Boris1111"]
[Black "Esonboeva, Gulruhsor"]
[Result "1-0"]
[WhiteElo "2169"]
[BlackElo "2050"]
[PlyCount "127"]
[EventDate "2010.12.21"]
[EventType "swiss"]
[EventRounds "9"]
[EventCountry "UZB"]
[SourceTitle "EXT 2013"]
[Source "ChessBase"]
[SourceDate "2012.11.22"]
[SourceVersion "1"]
[SourceVersionDate "2012.11.22"]
[SourceQuality "1"]

1. e4 e5 2. Nf3 Nc6 3. Bb5 a6 4. Ba4 Nf6 5. 0-0 Be7 6. Re1 b5 7. Bb3 0-0 8. h3 d6 9. c3 Na5 10. Bc2 c5 11. d4 Qc7 12. Nbd2 Bb7 13. d5 g6 14. b3 Nh5 15. Nf1 Bf6 16. N1h2 Bg7 17. Ng4 Bc8 18. Ne3 Nf4 19. Bd2 Qe7 20. Nh2 Qg5 21. Kh1 f5 22. exf5 gxf5 23. Rg1 Rf6 24. Qf1 Qh5 25. Bd1 Qf7 26. c4 Nb7 27. g3 Ng6 28. Be2 b4 29. a3 bxa3 30. Rxa3 Qf8 31. f4 Kh8 32. fxe5 dxe5 33. Qg2 Nd6 34. Bd3 Rf7 35. Bc2 f4 36. Bxg6 hxg6 37. gxf4 exf4 38. Nef1 Bd4 39. Nf3 Rh7 40. Ng5 Rh5 41. Nh2 Bxg1 42. Kxg1 Qf6 43. Nhf3 Bf5 44. Bxf4 Be4 45. Qg3 Re8 46. Bxd6 Bxf3 47. Nxf3 Re3 48. Bf4 Rd3 49. Be5 Rxe5 50. Qxe5 Rxf3 51. Qxf6+ Rxf6 52. Ra5 Rb6 53. Rxc5 Rxb3 54. Rc6 Kg7 55. Rxa6 Rc3 56. Rc6 Kf7 57. c5 Ke7 58. Re6+ Kd7 59. c6+ Kc7 60. Rxg6 Rxh3 61. Rg7+ Kc8 62. d6 Rh6 63. Ra7 Kb8 64. Rb7+ 1-0

[Event "UZB-ch U20 Girls"]
[Site "Tashkent"]
[Date "2010.09.14"]
[Round "10"]
[White "Esonboeva, Gulruhsor"]
[Black "Kim, Natalya"]
[Result "1-0"]
[WhiteElo "2039"]
[BlackElo "1932"]
[PlyCount "67"]
[EventDate "2010.09.05"]
[EventType "tourn"]
[EventRounds "13"]
[EventCountry "UZB"]
[SourceTitle "CBM 138 Extra"]
[Source "ChessBase"]
[SourceDate "2010.10.29"]
[SourceVersion "1"]
[SourceVersionDate "2010.10.29"]
[SourceQuality "1"]

1. e4 e5 2. Nf3 Nc6 3. d4 exd4 4. Bc4 Bc5 5. c3 d3 6. b4 Bb6 7. Qb3 Qe7 8. 0-0 d6 9. a4 a6 10. a5 Ba7 11. b5 axb5 12. a6 bxa6 13. Bd5 Bb7 14. Re1 Nf6 15. e5 Nd4 16. cxd4 Bxd5 17. Qc3 Ne4 18. Qxd3 0-0 19. Rxe4 Bxe4 20. Qxe4 dxe5 21. Nc3 Qb4 22. Nd5 Qb3 23. Ba3 Rfd8 24. Ng5 g6 25. Ne7+ Kg7 26. Qxe5+ f6 27. Ne6+ Kf7 28. Nxd8+ Rxd8 29. Qxc7 Bb6 30. Qxb6 Qc3 31. Rd1 Qxa3 32. Qxd8 Qb4 33. Nd5 Qb3 34. Qxf6+ 1-0

[Event "UZB-ch U20 Girls"]
[Site "Tashkent"]
[Date "2009.09.16"]
[Round "12"]
[White "Esonboeva, Gulruhsor"]
[Black "Orzikulova, Maftuna"]
[Result "0-1"]
[WhiteElo "1992"]
[BlackElo "2009"]
[PlyCount "88"]
[EventDate "2009.09.05"]
[EventType "tourn"]
[EventRounds "13"]
[EventCountry "UZB"]
[SourceTitle "EXT 2015"]
[Source "ChessBase"]
[SourceDate "2014.11.20"]
[SourceVersion "1"]
[SourceVersionDate "2014.11.20"]
[SourceQuality "1"]

1. e4 e5 2. Bc4 Nf6 3. d3 Bc5 4. Nc3 h6 5. h3 d6 6. Nge2 Nc6 7. Na4 Bb6 8. Nxb6 axb6 9. 0-0 Be6 10. Ng3 0-0 11. f4 exf4 12. Bxf4 Na5 13. Qe2 Nxc4 14. dxc4 Nd7 15. b3 f6 16. Nh5 Qe8 17. Rad1 Bf7 18. Ng3 Bg6 19. Qg4 h5 20. Qf3 Nc5 21. Rde1 Rxa2 22. b4 Ne6 23. Qb3 Qa4 24. Qxa4 Rxa4 25. c3 Nxf4 26. Rxf4 Bf7 27. Kh2 Rfa8 28. Re3 Ra2 29. Nf5 Kh7 30. Rg3 g5 31. Rf1 Bxc4 32. Rd1 Rb2 33. h4 g4 34. Ne3 Be2 35. Rd5 Kg6 36. Rf5 c6 37. Rf4 Raa2 38. Nf5 Rd2 39. Ne7+ Kf7 40. Nf5 Bf3 41. Ne3 Re2 42. Kg1 Rxe3 43. Kh1 Re1+ 44. Kh2 Ree2 0-1

[Event "Tashkent Hokim Cup"]
[Site "Tashkent"]
[Date "2009.07.18"]
[Round "2"]
[White "Kasyan, Aleksandr"]
[Black "Esonboeva, Gulruhsor"]
[Result "1-0"]
[WhiteElo "2304"]
[BlackElo "2005"]
[PlyCount "64"]
[EventDate "2009.07.17"]
[EventType "swiss"]
[EventRounds "9"]
[EventCountry "UZB"]
[SourceTitle "CBM 131 Extra"]
[Source "ChessBase"]
[SourceDate "2009.09.03"]
[SourceVersion "2"]
[SourceVersionDate "2009.09.16"]
[SourceQuality "1"]

1. d4 Nf6 2. c4 g6 3. Nc3 d5 4. Nf3 Bg7 5. Bf4 c6 6. e3 0-0 7. Rc1 Bg4 8. h3 Bf5 9. Qb3 Qb6 10. Qxb6 axb6 11. cxd5 Nxd5 12. Nxd5 cxd5 13. a3 Nc6 14. Rc3 Rac8 15. Be2 Na5 16. Bc7 e6 17. Nd2 Nc6 18. Bxb6 e5 19. Nb3 exd4 20. Nxd4 Nxd4 21. exd4 Rxc3 22. bxc3 Re8 23. Kd1 Bf8 24. Bf3 Ra8 25. Bxd5 Rxa3 26. Ke2 Rxc3 27. Rd1 Bh6 28. Kf1 Bf4 29. Re1 Bd6 30. Bd8 Kg7 31. Bxb7 Bd3+ 32. Kg1 Bc4 1-0

[Event "Wch U18 Girls"]
[Site "Vung Tau"]
[Date "2008.10.29"]
[Round "10"]
[White "Sirisena, Chantal"]
[Black "Esonboeva, Gulruhsor"]
[Result "1-0"]
[WhiteElo "1935"]
[BlackElo "2008"]
[PlyCount "59"]
[EventDate "2008.10.20"]
[EventType "swiss"]
[EventRounds "11"]
[EventCountry "VIE"]
[SourceTitle "EXT 2009"]
[Source "ChessBase"]
[SourceDate "2008.11.26"]
[SourceVersion "1"]
[SourceVersionDate "2008.11.26"]
[SourceQuality "1"]

1. e4 e5 2. Bc4 Nf6 3. d3 Bc5 4. Nc3 h6 5. f4 d5 6. Nxd5 Ng4 7. f5 h5 8. b4 Bxg1 9. Rxg1 c6 10. Ne3 Qh4+ 11. g3 Qxh2 12. Rg2 Qh1+ 13. Kd2 Qh3 14. Qe2 Nxe3 15. Kxe3 g6 16. Bb2 Rg8 17. Bxe5 Nd7 18. Bb2 gxf5 19. exf5 Kf8 20. Re1 Qg4 21. Kd2 Qg5+ 22. Kd1 Qg4 23. Qxg4 Rxg4 24. Rge2 Kg8 25. Re8+ Nf8 26. R1e7 Rxc4 27. dxc4 b6 28. Rd8 Bb7 29. Rxa8 Bxa8 30. Rxa7 1-0

[Event "Wch U18 Girls"]
[Site "Vung Tau"]
[Date "2008.10.28"]
[Round "9"]
[White "Esonboeva, Gulruhsor"]
[Black "Roos, Ezet"]
[Result "1/2-1/2"]
[WhiteElo "2008"]
[BlackElo "1731"]
[PlyCount "93"]
[EventDate "2008.10.20"]
[EventType "swiss"]
[EventRounds "11"]
[EventCountry "VIE"]
[SourceTitle "EXT 2009"]
[Source "ChessBase"]
[SourceDate "2008.11.26"]
[SourceVersion "1"]
[SourceVersionDate "2008.11.26"]
[SourceQuality "1"]

1. e4 e6 2. d4 d5 3. Nc3 Bb4 4. exd5 exd5 5. Bd3 Ne7 6. Bg5 f6 7. Bd2 Nbc6 8. Nge2 Bf5 9. Nf4 Bxd3 10. cxd3 Nxd4 11. 0-0 0-0 12. Qa4 Nec6 13. Be3 Qd6 14. Ncxd5 Ne2+ 15. Nxe2 Qxd5 16. Nf4 Qd7 17. Rac1 Bd6 18. Qb3+ Rf7 19. Qxb7 Rb8 20. Qxc6 Qg4 21. h3 Qf5 22. Qd5 Qd7 23. Rfd1 g5 24. Qc4 gxf4 25. Bxa7 Rxb2 26. a3 f3 27. Rb1 Bxa3 28. Rxb2 Bxb2 29. Rb1 Be5 30. Qg4+ Qxg4 31. hxg4 fxg2 32. Kxg2 Kg7 33. Kf3 Kg6 34. Ke4 Re7 35. f4 Bd6+ 36. Kf3 c5 37. Bb8 Rd7 38. Bxd6 Rxd6 39. Rb3 f5 40. g5 h6 41. gxh6 Kxh6 42. Ke3 Kh5 43. Rb8 Rd5 44. Re8 Kg4 45. Rg8+ Kh5 46. Rg7 Kh4 47. Rg5 1/2-1/2

[Event "UZB-ch U20 Girls"]
[Site "Tashkent"]
[Date "2007.09.19"]
[Round "7"]
[White "Gevorgyan, Irina"]
[Black "Esonboeva, Gulruhsor"]
[Result "1-0"]
[WhiteElo "2078"]
[BlackElo "1959"]
[PlyCount "55"]
[EventDate "2007.09.13"]
[EventType "tourn"]
[EventRounds "9"]
[EventCountry "UZB"]
[SourceTitle "EXT 2015"]
[Source "ChessBase"]
[SourceDate "2014.11.20"]
[SourceVersion "1"]
[SourceVersionDate "2014.11.20"]
[SourceQuality "1"]

1. Nf3 d5 2. d4 Nf6 3. c4 g6 4. cxd5 Nxd5 5. e4 Nb6 6. Be2 Bg7 7. 0-0 0-0 8. h3 N8d7 9. Nc3 c5 10. d5 f5 11. Ng5 Nf6 12. Be3 Qd6 13. Nb5 Qd8 14. Bxc5 Nxe4 15. Nxe4 fxe4 16. d6 exd6 17. Nxd6 Bxh3 18. Qb3+ Kh8 19. Qxh3 Nd5 20. Rad1 Qg5 21. Qg4 Qxg4 22. Bxg4 Nf6 23. Be6 b6 24. Ba3 h6 25. Nf7+ Kh7 26. Bxf8 Rxf8 27. Rd8 Rxd8 28. Nxd8 1-0

[Event "UZB-ch U20 Girls"]
[Site "Tashkent"]
[Date "2007.09.16"]
[Round "4"]
[White "Esonboeva, Gulruhsor"]
[Black "Kurbanboeva, Sarvinoz"]
[Result "1-0"]
[WhiteElo "1959"]
[BlackElo "1802"]
[PlyCount "111"]
[EventDate "2007.09.13"]
[EventType "tourn"]
[EventRounds "9"]
[EventCountry "UZB"]
[SourceTitle "EXT 2015"]
[Source "ChessBase"]
[SourceDate "2014.11.20"]
[SourceVersion "1"]
[SourceVersionDate "2014.11.20"]
[SourceQuality "1"]

1. e4 c5 2. Nc3 d6 3. g3 Nf6 4. Bg2 e6 5. d3 Be7 6. Nge2 0-0 7. h3 Nc6 8. Be3 d5 9. exd5 Nxd5 10. Nxd5 exd5 11. d4 cxd4 12. Nxd4 Bf6 13. 0-0 Re8 14. Kh2 a6 15. c3 Qd6 16. Ne2 Be6 17. Qc2 Qc7 18. Rad1 Rad8 19. Nf4 Ne7 20. Qb3 b5 21. Nxd5 Nxd5 22. Bxd5 Bxd5 23. Rxd5 Rxd5 24. Qxd5 Rd8 25. Qe4 Qc4 26. Qxc4 bxc4 27. Re1 h6 28. Kg2 a5 29. a4 Rb8 30. Re2 Kf8 31. Bc5+ Kg8 32. Ba3 g6 33. Rd2 Rb3 34. Bd6 Rb7 35. Kf1 h5 36. Ke2 Bg7 37. Kd1 Bf6 38. Kc2 Bd8 39. Bc5 Bf6 40. Rd5 Rb8 41. Be3 Bd8 42. Rc5 Bb6 43. Rxc4 Bxe3 44. fxe3 Re8 45. Kd3 Rb8 46. b4 axb4 47. cxb4 Kf8 48. b5 Ke7 49. Kc3 Kd6 50. Kb4 Re8 51. b6 Rb8 52. a5 Rb7 53. Kb5 Rb8 54. a6 Re8 55. b7 Re5+ 56. Kb6 1-0

[Event "UZB-ch (Women)"]
[Site "Tashkent"]
[Date "2007.05.18"]
[Round "8"]
[White "Esonboeva, Gulruhsor"]
[Black "Khamrakulova, Iroda"]
[Result "0-1"]
[WhiteElo "1959"]
[BlackElo "2193"]
[PlyCount "122"]
[EventDate "2007.05.11"]
[EventType "tourn"]
[EventRounds "11"]
[EventCountry "UZB"]
[SourceTitle "EXT 2015"]
[Source "ChessBase"]
[SourceDate "2014.11.20"]
[SourceVersion "1"]
[SourceVersionDate "2014.11.20"]
[SourceQuality "1"]

1. e4 c6 2. d4 d5 3. exd5 cxd5 4. c4 Nf6 5. Nc3 Nc6 6. Nf3 g6 7. Bg5 dxc4 8. Bxc4 Bg7 9. d5 Nb8 10. 0-0 0-0 11. Qe2 Nbd7 12. Rfe1 Nb6 13. Bb3 h6 14. Be3 Nbxd5 15. Nxd5 Nxd5 16. Rad1 Be6 17. Bc5 Nf4 18. Qe4 Qc7 19. Be3 Bxb3 20. Bxf4 e5 21. Rc1 Qd8 22. Nxe5 Bd5 23. Qa4 Qh4 24. Qd4 Rad8 25. Qe3 Rfe8 26. Bg3 Qa4 27. Qc3 Qxa2 28. h3 Qb3 29. Qxb3 Bxb3 30. Re3 Rd1+ 31. Rxd1 Bxd1 32. Kf1 Ba4 33. Ke2 Bb5+ 34. Kd2 g5 35. b3 Rd8+ 36. Kc2 a6 37. f4 Re8 38. Ng4 Rc8+ 39. Kd2 Bc6 40. Re2 Bd5 41. b4 Bc3+ 42. Ke3 Re8+ 43. Kd3 Rxe2 44. Kxe2 Bxg2 45. Nxh6+ Kg7 46. Nf5+ Kg6 47. Ne3 Bxh3 48. Nd5 Bg7 49. fxg5 Kxg5 50. Kd3 Bf8 51. Kd4 Be6 52. Be1 f5 53. Bd2+ Kg4 54. Ne3+ Kf3 55. Ke5 f4 56. Nc2 Ba2 57. Nd4+ Kg4 58. Ke4 Bb1+ 59. Kd5 f3 60. Be1 Bd3 61. b5 Bxb5 0-1